Science and technology of chemical mechanical planarization (CMP) : symposium held April 14-16, 2009, San Francisco, California, U.S.A. /

Bibliographic Details
Corporate Author: Materials Research Society. Meeting Symposium E.
Other Authors: Kumar, Ashok, 1962-
Format: Book
Language:English
Published: Warrendale, Penn. : Materials Research Society, [2010]
Series:Materials Research Society symposia proceedings ; v. 1157.
Subjects:

MARC

Tag First Indicator Second Indicator Subfields
LEADER 00000cam a2200000 a 4500
001 in00002578521
005 20151201152731.0
008 100505s2010 paua b 101 0 eng d
020 |a 1605111309 
020 |a 9781605111308 
035 |a (OCoLC)ocn611870712 
040 |a YDXCP  |c YDXCP  |d RRR  |d TXA  |d UtOrBLW 
049 |a TXAM 
090 |a TK7871  |b .M39 2009 
110 2 |a Materials Research Society.  |b Meeting  |d (2009 :  |c San Francisco, Calif.)  |b Symposium E. 
245 1 0 |a Science and technology of chemical mechanical planarization (CMP) :  |b symposium held April 14-16, 2009, San Francisco, California, U.S.A. /  |c editors, Ashok Kumar [and others]. 
264 1 |a Warrendale, Penn. :  |b Materials Research Society,  |c [2010] 
264 4 |c ©2010 
300 |a ix, 165 pages :  |b illustrations ;  |c 24 cm. 
336 |a text  |b txt  |2 rdacontent 
337 |a unmediated  |b n  |2 rdamedia 
338 |a volume  |b nc  |2 rdacarrier 
490 1 |a Materials Research Society symposium proceedings ;  |v v. 1157 
504 |a Includes bibliographical references and indexes. 
650 0 |a Chemical mechanical planarization  |v Congresses. 
650 0 |a Semiconductors  |x Design and construction  |v Congresses. 
700 1 |a Kumar, Ashok,  |d 1962- 
830 0 |a Materials Research Society symposia proceedings ;  |v v. 1157. 
945 |a PromptCat 
948 |a cataloged  |b h  |c 2010/7/13  |d c  |e dmitchel  |f 10:20:30 am 
994 |a C0  |b TXA 
999 |a MARS 
999 f f |s ec7d435b-9296-375f-9f20-9860582e766d  |i bdc274d7-f877-35d9-8ec3-c2a14a414ccd  |t 0 
952 f f |p ric  |a Texas A&M University  |b Rellis Campus  |c Joint Library Facility  |d Remote Storage  |t 0  |e TK7871 .M39 2009  |h Library of Congress classification  |i unmediated -- volume  |m A14840185091 
998 f f |a TK7871 .M39 2009  |t 0  |l Remote Storage